| 000 | 00401nam a2200169Ia 4500 | ||
|---|---|---|---|
| 008 | 241115s9999 xx 000 0 und d | ||
| 020 | _aNA | ||
| 082 | _a621.381 GRO | ||
| 100 | _aGrob, Bernard | ||
| 245 | 0 | _aBasic Electronics | |
| 250 | _a8th ed | ||
| 260 |
_bMcGraw Hill _c.NA |
||
| 300 | _axiii,1010p. | ||
| 600 | _aElectrical Engineering | ||
| 650 | _aElectronic Engineering | ||
| 942 | _cBBD | ||
| 999 |
_c25215 _d25215 |
||